Statystyki dla Państwa na literę S

Kliknij tutaj aby rozwiązać quiz!

Ogólne statystyki

  • Ten quiz został rozwiązany 56 razy
  • Średni wynik to 16 z 22

Statystyki odpowiedzi

KontynentPaństwo% Poprawnych
EuropaSzwecja
96%
EuropaSłowacja
94%
EuropaSłowenia
94%
EuropaSzwajcaria
92%
EuropaSerbia
82%
AfrykaSenegal
78%
EuropaSan Marino
76%
AfrykaSudan
76%
Ameryka PółnocnaSalwador
70%
Ameryka PółnocnaStany Zjednoczone
70%
AfrykaSeszele
68%
AfrykaSomalia
66%
AzjaSri Lanka
66%
AfrykaSudan Południowy
66%
Ameryka PołudniowaSurinam
64%
AzjaSyria
64%
AzjaSingapur
60%
OceaniaSamoa
58%
Ameryka PółnocnaSaint Vincent i Grenadyny
56%
Ameryka PółnocnaSaint Kitts i Nevis
54%
Ameryka PółnocnaSaint Lucia
54%
AfrykaSierra Leone
50%

Rozkład punktacji

Percentyl według liczby udzielonych odpowiedzi

Procent ludzi z każdym wynikiem

Twoja historia wyników

Nie rozwiązałeś tego quizu